Cuộc sống, cách mạng và văn học nghệ thuật

Những bài phát biểu lý luận văn nghệ, giải đáp các vấn đề cơ bản của văn học nghệ thuật của ta, dưới đường lối và quan điểm của Đảng trong giai đoạn CM mới

Na minha lista:
Detalhes bibliográficos
Autor principal: Tố Hữu
Formato: Livro
Idioma:Vietnamese
Publicado em: H. Văn học 1981
coleção:Văn học hiện đại Việt Nam
Assuntos:
Tags: Adicionar Tag
Sem tags, seja o primeiro a adicionar uma tag!
Thư viện lưu trữ: Mạng thư viện Đại học Đà Nẵng
LEADER 01233nam a2200325 4500
001 000003976
003 104
005 20121211001231.0
008 110713s1981 viesd
020 |c 6000 
041 0 |a vie 
082 |a 895.922  |b TO-H 
100 0 |a Tố Hữu 
245 1 0 |a Cuộc sống, cách mạng và văn học nghệ thuật  |c Tố Hữu 
260 |a H.  |b Văn học  |c 1981 
300 |a 139 tr.  |c 19 cm. 
490 |a Văn học hiện đại Việt Nam 
520 |a Những bài phát biểu lý luận văn nghệ, giải đáp các vấn đề cơ bản của văn học nghệ thuật của ta, dưới đường lối và quan điểm của Đảng trong giai đoạn CM mới 
653 |a Văn học Việt Nam 
910 |a Thi  |d 13/7/2011 
OWN |a LSP 
AVA |a UDN50  |b LSP  |d 895.922 TO-H  |e available  |t Error 5001 Not defined in file expand_doc_bib_avail.  |f 3  |g 1  |h N  |i 0  |k 1 
999 |a From the UDN01 
AVA |a UDN50  |b LSP  |d 895.922 TO-H  |e available  |t Error 5001 Not defined in file expand_doc_bib_avail.  |f 3  |g 1  |h N  |i 0  |k 1 
TYP |a Monograph 
TYP |a Printed language 
980 |a Mạng thư viện Đại học Đà Nẵng